Normal view
MARC view
- Universities and colleges — Kazakhstan
Entry Topical Term
001 - CONTROL NUMBER
- control field: 133696
003 - CONTROL NUMBER IDENTIFIER
- control field: NUST
005 - DATE AND TIME OF LATEST TRANSACTION
- control field: 20260312221859.0
008 - FIXED-LENGTH DATA ELEMENTS
- fixed length control field: 260312|| aca||aabn | a|a d
040 ## - CATALOGING SOURCE
- Original cataloging agency: NUST
- Transcribing agency: NUST
150 ## - HEADING--TOPICAL TERM
- Topical term or geographic name entry element: Universities and colleges — Kazakhstan
670 ## - SOURCE DATA FOUND
- Source citation: Work cat.: (NUST): Kazakh National Technical University named after K. I.Satpayev: today, 2009.
